15 najbardziej dotkniętych krajów Covid-19 - 7 kwi 2021 - Statystyki

Ogólne statystyki
  • Ten quiz został rozwiązany 32 razy
  • Średni wynik to 15 z 28
Statystyki odpowiedzi
kraj % Poprawnych
Stany Zjednoczone
100%
Polska
97%
Rosja
94%
Francja
87%
Niemcy
87%
Hiszpania
84%
Włochy
84%
Brazylia
81%
Indie
71%
Wielka Brytania
68%
Meksyk
61%
Argentyna
58%
Szwecja
55%
Czechy
52%
Portugalia
52%
Turcja
52%
Belgia
39%
Holandia
39%
Iran
32%
Kolumbia
32%
Węgry
29%
Estonia
26%
Litwa
26%
Słowenia
23%
Izrael
16%
Serbia
13%
Panama
6%
Bahrajn
3%
Nie znaleziono quizów pasujących do podanych kryteriów
Rozkład punktacji
Procent ludzi z każdym wynikiem
Percentyl według liczby udzielonych odpowiedzi
Twoja historia wyników
Nie rozwiązałeś tego quizu